000 00804nab a2200205 i 4500
001 190375
003 ES-MaACL
005 20250905063057.0
008 210119s2001 sp 000 0dspa d
100 1 _aBasurto, Esperanza,
_d1958-
_eaut
_9226987
245 1 0 _aJosé Prat :
_bpresidente del Ateneo de Madrid /
_cEsperanza Basurto
600 1 4 _aPrat, José,
_d1905-1994
_993665
610 2 4 _aAteneo de Madrid-
_vHistoria
_91925
655 4 _aArtículos
_9175745
710 2 _aAgrupación Ateneísta de Aire Libre
_eedt
_91274
773 0 _tBoletín de la Sociedad Ateneísta de Aire Libre,
_dMadrid : Agrupación Ateneísta de Aire Libre,
_xISSN 1132-8045,
_g2001, n. 34 (extra), p. 6-7
_02830
_w2830
_92930
942 _2udc
_cANAB
_n0
999 _c190375
_d190375